000 00525nam a22001812 4500
001 0000006134
005 20170406121247.0
008 151125s xx 000 0 eng d
020 _c$
040 _aYour Holding Symbol
_cYour Holding Symbol
100 1 _aBlem,Norman.
245 1 0 _aProfessional salesmanship :
_ba south african approach.
250 _a ed.
260 _asouth africa :
_bSouthern african publishers,
_c1990.
300 _a163 p. ;
_c cm.
650 0 _asalesmanship.
908 _a151125
999 _c5888
_d5888